[Event "Niederbayernliga 0405"]
[Site "Germany"]
[Date "2005.??.??"]
[Round "5"]
[White "Koenigl, Anton"]
[Black "Stadler, Max"]
[Result "1-0"]
[WhiteElo "1758"]
[BlackElo "1640"]
[PlyCount "91"]
[EventDate "2004.??.??"]
[EventType "team"]
[EventRounds "9"]
[EventCountry "GER"]
[SourceTitle "EXT 2008"]
[Source "ChessBase"]
[SourceDate "2007.11.25"]
[SourceVersion "1"]
[SourceVersionDate "2007.11.25"]
[SourceQuality "1"]
[WhiteTeam "Ergolding"]
[BlackTeam "Haselbach"]
[WhiteTeamCountry "GER"]
[BlackTeamCountry "GER"]

1. e4 e6 2. d4 d5 3. Nd2 c5 4. Ngf3 Nc6 5. c3 cxd4 6. Nxd4 Bc5 7. Bb5 Nge7 8. 0-0 0-0 9. Nxc6 bxc6 10. Bd3 Qb6 11. Qe2 a5 12. Nb3 Bd6 13. e5 Bb8 14. Be3 Qc7 15. f4 Nf5 16. Bf2 Nh6 17. Kh1 Ba7 18. Nd4 Bxd4 19. cxd4 Qb6 20. Rfc1 Ba6 21. Bxa6 Rxa6 22. Rc3 Nf5 23. Rb3 Qa7 24. Qd2 Rb6 25. Ra3 Qb7 26. b3 h6 27. Qxa5 Rb4 28. Rd1 Rb8 29. g4 Qd7 30. gxf5 R8b5 31. Qa7 Qc8 32. Be1 Rb7 33. Qc5 R4b5 34. Qc2 c5 35. Ra5 Rxa5 36. Bxa5 Qa8 37. Bc3 cxd4 38. Bxd4 Rb4 39. fxe6 fxe6 40. Rd2 Qa6 41. Kg2 Qa8 42. Qc5 Rc4 43. bxc4 dxc4+ 44. Kg3 Qe4 45. Be3 Qg6+ 46. Kf2 1-0

[Event "Niederbayernliga 0405"]
[Site "Germany"]
[Date "2005.??.??"]
[Round "9"]
[White "Stadler, Max"]
[Black "Haletzki, Bernd"]
[Result "0-1"]
[WhiteElo "1640"]
[BlackElo "1887"]
[PlyCount "115"]
[EventDate "2004.??.??"]
[EventType "team"]
[EventRounds "9"]
[EventCountry "GER"]
[SourceTitle "EXT 2008"]
[Source "ChessBase"]
[SourceDate "2007.11.25"]
[SourceVersion "1"]
[SourceVersionDate "2007.11.25"]
[SourceQuality "1"]
[WhiteTeam "Haselbach"]
[BlackTeam "Straubing"]
[WhiteTeamCountry "GER"]
[BlackTeamCountry "GER"]

1. e4 e6 2. d4 d5 3. Nc3 Bb4 4. e5 c5 5. a3 Bxc3+ 6. bxc3 Ne7 7. Qg4 Qc7 8. Qxg7 Rg8 9. Qxh7 cxd4 10. Ne2 Nbc6 11. f4 Bd7 12. Qd3 dxc3 13. Rb1 Nf5 14. Nxc3 a6 15. a4 Na5 16. g4 Nh4 17. Be3 Nc4 18. Bf2 Ng6 19. Nxd5 exd5 20. Qxd5 Be6 21. Qxb7 Qxb7 22. Rxb7 Bd5 23. Rc7 Ncxe5 24. fxe5 Bxh1 25. Bxa6 Rxa6 26. Rc8+ Kd7 27. Rxg8 Rxa4 28. e6+ Kxe6 29. Re8+ Kd7 30. Re3 Rxg4 31. Bg3 Re4 32. Kd2 Rxe3 33. Kxe3 Ke6 34. c4 f5 35. h4 Ne5 36. Kd4 Nc6+ 37. Kc5 Kf6 38. Kd6 Kg6 39. Ke6 Be4 40. c5 Kh5 41. Kf6 Kg4 42. Be1 f4 43. Bf2 f3 44. Ke6 Nb4 45. Kd6 Nd3 46. Be3 Kxh4 47. c6 Kg3 48. c7 Bb7 49. Ke7 Nf4 50. Kd8 Nd5 51. Bd4 Kf4 52. Bg1 Ne3 53. c8Q Bxc8 54. Kxc8 Nd1 55. Kd7 Kg3 56. Ke6 Nf2 57. Kf5 Kg2 58. Kf4 0-1

[Event "Niederbayernliga 0304"]
[Site "Germany"]
[Date "2004.??.??"]
[Round "5"]
[White "Brueckl, Edgar"]
[Black "Stadler, Max"]
[Result "1/2-1/2"]
[WhiteElo "1865"]
[BlackElo "1594"]
[PlyCount "44"]
[EventDate "2003.??.??"]
[EventType "team"]
[EventRounds "9"]
[EventCountry "GER"]
[SourceTitle "EXT 2008"]
[Source "ChessBase"]
[SourceDate "2007.11.25"]
[SourceVersion "1"]
[SourceVersionDate "2007.11.25"]
[SourceQuality "1"]
[WhiteTeam "Eggenfelden"]
[BlackTeam "Haselbach"]
[WhiteTeamCountry "GER"]
[BlackTeamCountry "GER"]

1. d4 f5 2. Bg5 Nf6 3. e3 e6 4. Bd3 Be7 5. Nd2 d5 6. Ngf3 c6 7. Ne5 Nbd7 8. Ndf3 0-0 9. 0-0 Ne4 10. Bxe7 Qxe7 11. Nxd7 Bxd7 12. Ne5 Be8 13. c4 Qg5 14. f4 Qh6 15. Bxe4 fxe4 16. Qb3 Bh5 17. Rf2 g5 18. Raf1 g4 19. g3 Qg7 20. Qb4 Be8 21. Qd6 Rf6 22. Qb4 Rf5 1/2-1/2

[Event "Niederbayernliga 0304"]
[Site "Germany"]
[Date "2004.??.??"]
[Round "9"]
[White "Schmitzer, Thomas"]
[Black "Stadler, Max"]
[Result "1/2-1/2"]
[WhiteElo "1701"]
[BlackElo "1594"]
[PlyCount "44"]
[EventDate "2003.??.??"]
[EventType "team"]
[EventRounds "9"]
[EventCountry "GER"]
[SourceTitle "EXT 2008"]
[Source "ChessBase"]
[SourceDate "2007.11.25"]
[SourceVersion "1"]
[SourceVersionDate "2007.11.25"]
[SourceQuality "1"]
[WhiteTeam "Landshut II"]
[BlackTeam "Haselbach"]
[WhiteTeamCountry "GER"]
[BlackTeamCountry "GER"]

1. d4 f5 2. g3 Nf6 3. c4 g6 4. Nc3 Bg7 5. Bg2 0-0 6. Nf3 d6 7. 0-0 Qe8 8. Qc2 a5 9. b3 Na6 10. a3 c6 11. Bb2 Be6 12. Ng5 Bd7 13. Rad1 h6 14. Nf3 Nc7 15. Nh4 e6 16. f4 Ng4 17. Qd3 Rd8 18. e4 g5 19. fxg5 hxg5 20. Nf3 Qh5 21. h3 Nh6 22. Bc1 g4 1/2-1/2